000 00892nam a22003017a 4500
001 BR0002387
003 BR-BrBNA
005 20230928100626.0
007 ta
008 230509b bl.||||| |||| 00| 0 por d
040 _aBR-BrBNA
_bpor
_cBiblioteca Nacional de Agricultura
041 _a(Por)
072 _aP33
090 _ P33 BR0002387
100 1 _aRocha, W.S.D. da
110 1 _aEscola Superior de Agricultura Luiz de Queiroz, Piracicaba, SP (Brasil)
_0Tese (Mestre em Agronomia)
245 1 _aSorcao de imazaquin em latossolos acricos
260 3 _aPiracicaba, SP (Brasil):
_c1999.
300 _a59 p.
500 _aSummaries (Eng, Por); Bibliography p. 51-59; 19 illus.; 8 tables
650 _aLatossolo
650 _aAnalise do Solo
650 _aQuimica do Solo
650 _aSorcao
650 _aHerbicida
909 _a202309
_bLucia
_c55
_dLucia Elande
942 _cBK
999 _c62095
_d62095